000 00565nam a22001817a 4500
999 _c195630
_d195630
005 20230410145148.0
010 _aENG-136650
020 _a9789380502526
_c780.00
035 _aEN-120182
037 _bDBAD/PUB
082 _a327.9581054
245 _aAfghanistan;A role for india /
260 _aNew Delhi
_bKnowledge World
_c2011
270 _a4676/21 1st floor ansari road Daryaganj
_bNew Delhi-110002
300 _a192p.;
_c25cm(hbk)
700 _aR K Sawhney,Arun Sahgal and Gurmeet Kanwal
_eEditor
942 _2ddc
_cEN
_h327.9581054
_mAFG